|
|
|
|
| LEADER |
00000cam a2200000 7i4500 |
| 001 |
0000048356 |
| 005 |
20090820.0 |
| 020 |
|
|
|a 9830843718
|
| 090 |
0 |
0 |
|a 425
|b NAN
|
| 100 |
1 |
|
|a Nandy, Milon
|
| 245 |
1 |
0 |
|a Better english with prepositions
|c Milon Nandy
|
| 260 |
|
|
|a Kuala Lumpur :
|b Kiddibird Sdn. Bhd. ,
|c 19--?
|
| 300 |
|
|
|a 76p. ;
|c 18cm.
|
| 650 |
0 |
0 |
|a English language
|x Preposition
|
| 999 |
|
|
|a 00096256
|b BUKU
|c PINJAMAN
|e PERPUSTAKAAN KOMUNITI PETALING JAYA
|
| 999 |
|
|
|a 00096257
|b BUKU
|c PINJAMAN
|e PERPUSTAKAAN KOMUNITI PETALING JAYA
|
| 999 |
|
|
|a 00096258
|b BUKU
|c PINJAMAN
|e PERPUSTAKAAN KOMUNITI PETALING JAYA
|